00540nam a22001697a 450000500170000001000150001702000260003203500140005803700130007208200170008524501210010226000400022327000450026330000240030850000200033270000180035220161130170048.0 aENG-116721 a9788184845167c850.00 aEN-100253 bDBAD/PUB a305.51220954 aDr. B.R. Ambedkar on casteism, dalits and untouchability :cedited by Binod Prasad bfocus on present day scenario / aNew DelhibRegal Publicationsc2016 aF-159, Rajouri GardenbNew Delhie110027 axii,186p.c23cm(Hb) aIncludes index aBinod Prasad